| 000 | 00453nam a2200157 4500 | ||
|---|---|---|---|
| 001 | 112113 | ||
| 003 | ES-MaACL | ||
| 005 | 20230906185438.0 | ||
| 007 | t| | ||
| 008 | 061121s1926 sp r ||||1| spa d | ||
| 100 | 1 |
_aNavarro de Palencia, Jesús. _985118 |
|
| 245 | 1 | 3 |
_aLa agricultura y su organización en Inglaterra / _cJesús Navarro de Palencia. |
| 260 |
_aMadrid : _b[s.n., _c1926] |
||
| 300 |
_a36 p. ; _c23 cm. |
||
| 852 |
_aES-MaACL _j1701-F-14 |
||
| 999 |
_c112113 _d112113 |
||